Educacao e Filosofia
Este artigo é o resultado de uma investigacao bibligráfica, realizado no ámbito do projeto de pesquisa de doutoramento em Educacao sobre ensino de filosofia e enderecamento curricular. O texto traz a ánalise dos conceitos de autonomia moral em Jean Piaget. Para tanto serve-se do estudo de algunas co...
| Corporate Author: | |
|---|---|
| Format: | Serial |
| Language: | Spanish Portuguese |
| Subjects: |
MARC
| LEADER | 00000cas a2200000 a 4500 | ||
|---|---|---|---|
| 003 | Ucuenca | ||
| 005 | 20240403062718.0 | ||
| 008 | 006092|2005 bl |||||r|||||||||||spa|| | ||
| 022 | |a 0102-6801 | ||
| 040 | |b spa | ||
| 041 | 1 | |a por | |
| 082 | 0 | |a 105 |b U48e | |
| 110 | 2 | |a Universidade Federal de Uberlândia. |g UFU |9 195604 | |
| 245 | |a Educacao e Filosofia |c Universidade Federal de Uberlandia |h imp | ||
| 264 | |a Uberlandia |b Universidade Federal de Uberlandia |c Julio-Diciembre 2005 | ||
| 300 | |a 287 páginas: |c 16 cm | ||
| 362 | |a Vol. 19, no. 38 (jul.-dez 2005) | ||
| 504 | |a incl. ref. | ||
| 520 | 3 | |a Este artigo é o resultado de uma investigacao bibligráfica, realizado no ámbito do projeto de pesquisa de doutoramento em Educacao sobre ensino de filosofia e enderecamento curricular. O texto traz a ánalise dos conceitos de autonomia moral em Jean Piaget. Para tanto serve-se do estudo de algunas contribuicoes teóricas da Modernidade e da Contemporaneidade... | |
| 650 | 1 | |a Revista educacao e filosofia |9 195627 | |
| 650 | 1 | |a Enseñanza y aprendizaje |9 28046 | |
| 650 | 1 | 4 | |a Ética |9 4776 |
| 650 | 1 | |a Autonomia |9 1338 | |
| 650 | 1 | 4 | |a Filosofía |9 8018 |
| 852 | |a UC-CDJBV | ||
| 942 | |c SER |z vanessa.morales@ucuenca.edu.ec | ||
| 999 | |c 150998 |d 150998 | ||